| 000 | 00000nam##2200000za#4500 |
| 001 | 9.647253 |
| 003 | CaOODSP |
| 005 | 20200330131322 |
| 007 | ta |
| 008 | 150407|1999||||xxc||||| f|0| 0 eng|d |
| 040 | |aCaOODSP|beng |
| 043 | |an-cn--- |
| 086 | 1 |aSN3-324/1999E |
| 110 | 1 |aCanada.|bNational Library of Canada. |
| 245 | 14|aThe Otto Joachim fonds : |bnumerical list / |cby Stéphane Jean. Issued by the Music Division. |
| 260 | |aOttawa - Ontario : |bNational Library of Canada |c1999. |
| 300 | |a56p. : |billus. ; |c28 cm. |
| 563 | |aSpiral binding |
| 590 | |a00-06|b2000-02-11 |
| 690 | 07|aMusic|2gcpds |
| 720 | 1 |aJean, Stéphane |
| 775 | 08|tLe fonds Otto-Joachim : |w(CaOODSP)9.680683 |
| 776 | 0#|tThe Otto Joachim fonds : |w(CaOODSP)9.695948 |